Infrastructure planning handbook (Registro nro. 309252)

Detalles MARC
000 -ENCABEZADO
Número de control [NR] 01047cam a2200265 a 4500
005 - FECHA Y HORA DE LA ÚLTIMA TRANSACCIÓN
control field 20180220115759.0
008 - DE LONGITUD FIJA DE DATOS DE ELEMENTOS - INFORMACIÓN GENERAL
Elementos de longitud fija [NR] 180220s2006 nyua rb 001 0 eng d
020 ## - NUMERO INTERNACIONAL NORMALIZADO PARA LIBROS [R]
Número Internacional Normalizado del libro [NR] 0071474943
020 ## - NUMERO INTERNACIONAL NORMALIZADO PARA LIBROS [R]
Número Internacional Normalizado del libro [NR] 9780071474948
040 ## - FUENTE DE CATALOGACION [NR]
Agencia de catalogación original [NR] CO-BoUCM
Idioma de catalogación [NR] spa
Quien Cataloga Sandra Palacio
Quien Clasifica Sandra Palacio
041 0# - CODIGO DE IDIOMA [R]
Código de idioma para texto/pista de sonido o título separado [R] Inglés
050 00 - SIGNATURA TOPOGRAFICA DE LA BIBLIOTECA DEL CONGRESO (LC) [R]
Número clasificador [R] HD4431
100 1# - ASIENTO PRINCIPAL--NOMBRE PERSONAL [NR]
Nombre personal [NR] Goodman, Alvin S.
ID Autoridad 91484
245 10 - MENCION DE TITULO [NR]
Título [NR] Infrastructure planning handbook
Parte restante del título [NR] planning, engineering, and economics
Mención de responsabilidad, etc. [NR] Alvin S. Goodman, Makarand Hastak
260 ## - PUBLICACION, DISTRIBUCION, ETC. (PIE DE IMPRENTA) [R]
Lugar de publicación, distribución, etc. [R] Nueva York (Estados Unidos)
Nombre del editor, distribuidor, etc. [R] ASCE Press
-- McGraw-Hill
Fecha de publicación, distribución, etc. [R] 2006
300 ## - DESCRIPCION FISICA [R]
Extensión [R] Varias paginaciones
Otros detalles físicos [NR] ilustraciones
490 0# - MENCION DE SERIE [R]
Mención de serie [R] McGraw-Hill construction
650 17 - ASIENTO SECUNDARIO DE MATERIA - TERMINO TEMATICO [R]
Término temático o nombre geográfico como elemento de entrada [NR] Gobierno local
Subdivisión general [R] Planificación
Subdivisión de forma [R] Manuales
9 (RLIN) 16479
650 27 - ASIENTO SECUNDARIO DE MATERIA - TERMINO TEMATICO [R]
Término temático o nombre geográfico como elemento de entrada [NR] Servicios municipales
Subdivisión general [R] Planificación
Subdivisión de forma [R] Manuales
9 (RLIN) 91485
650 27 - ASIENTO SECUNDARIO DE MATERIA - TERMINO TEMATICO [R]
Término temático o nombre geográfico como elemento de entrada [NR] Ingeniería urbana
Subdivisión general [R] Planificación
Subdivisión de forma [R] Manuales
9 (RLIN) 17650
650 27 - ASIENTO SECUNDARIO DE MATERIA - TERMINO TEMATICO [R]
Término temático o nombre geográfico como elemento de entrada [NR] Infraestructura (Economía)
Subdivisión general [R] Planificación
Subdivisión de forma [R] Manuales
9 (RLIN) 17605
700 1# - ASIENTO SECUNDARIO - NOMBRE PERSONAL [R]
Nombre personal [NR] Hastak, Makarand
9 (RLIN) 91486
942 ## - ELEMENTOS DE ENTRADA AGREGADOS (KOHA)
Sistema de clasificación DEWEY
Tipo de ítem principal el descrito en 300a Libro
Tema principal Economía
Edición 1
Clasificación 352
Parte restante de la signatura top. G653ip
Existencias
Fecha de último préstamo Total préstamos Signatura topográfica Código de barras Última vez visto Ejemplar Costo de reposición Price effective from Tipo de ítem Perdido Sistema de clasificación Dañado No prestable Tipo de ítem específico Suprimido Ubicación habitual Ubicación actual Localización Fecha de creación Proveedor Forma de adquisición Costo
28/02/2018 2 352 G653ip 100156560 09/12/2025 Ej.1 408967.00 15/02/2018 Libro   DEWEY     Libro   Claustro Claustro 2do piso 15/02/2018 15 Compra 408967.00